Enseñar literatura: fundamentos teóricos. Propuesta didáctica

Guardat en:
Dades bibliogràfiques
Autors principals: López Casanova, Martina (autora), Fernández, Adriana (Autor)
Format: Llibre
Idioma:espanyol
Publicat: Buenos Aires Manantial 2005
Edició:1a. ed
Col·lecció:Biblioteca del Docente
Matèries:
Etiquetes: Afegir etiqueta
Sense etiquetes, Sigues el primer a etiquetar aquest registre!

MARC

LEADER 00000nam a2200000 a 4500
001 UCK7148
003 CL-VaPUC
008 051111e20050000AG |||||||||||||||||spa|d
020 |a 9875000868 
082 0 4 |a 809.0071  |b LOP  |2 21 
100 |a López Casanova, Martina  |e autora  |9 554142 
700 0 |a Fernández, Adriana  |e author  |9 496579 
245 1 0 |a Enseñar literatura: fundamentos teóricos. Propuesta didáctica 
250 |a 1a. ed 
300 |a 160 p 
942 |c BK 
945 |d 20051111 00:00:00  |a cmena 
260 |a Buenos Aires  |b Manantial  |c 2005 
650 0 |a Enseñanza de la literatura  |9 283372 
650 0 |a Educación lingüística  |9 306506 
650 0 |a Métodos de enseñanza  |9 270413 
650 0 |a Filosofía de la educación   |9 258384 
583 |a last modification  |c 20051111 00:00:00  |k Rodrigo Vera 
490 0 |a Biblioteca del Docente 
999 |c 315190  |d 315188 
952 |0 0  |1 0  |4 0  |6 809_007100000000000_LOP_2005  |7 0  |8 A  |9 388158  |a FDOPOS  |b FDOPOS  |d 2019-11-22  |i 4180968  |o 809.0071 LOP 2005  |p 4180968  |r 2025-01-22  |w 2019-11-22  |y BK  |k MLH